Ponencias presentadas por la Facultad de Ciencias Sociales de la Universidad Nacional
Salvato in:
| Natura: | Sconosciuto |
|---|---|
| Pubblicazione: |
Heredia:
UNA. FCS
|
| Tags: |
Aggiungi Tag
Nessun Tag, puoi essere il primo ad aggiungerne!!
|
MARC
| LEADER | 00000 a2200000 04500 | ||
|---|---|---|---|
| 001 | 5561 | ||
| 003 | |||
| 008 | 991231s d | ||
| 040 | |a CRAI/IIS |c CRAI/IIS | ||
| 090 | |a 122905 | ||
| 245 | |a Ponencias presentadas por la Facultad de Ciencias Sociales de la Universidad Nacional | ||
| 260 | |a Heredia: |b UNA. FCS | ||
| 300 | |a p. irreg | ||
| 999 | |c 17076 |d 17076 | ||
